[Event "Nutcracker Rapid w 2016"]
[Site "Moscow RUS"]
[Date "2016.12.22"]
[Round "6.1"]
[White "Maltsevskaya, Aleksandra"]
[Black "Strutinskaia, Galina"]
[Result "0-1"]
[BlackTitle "WGM"]
[WhiteElo "2251"]
[BlackElo "2266"]
[WhiteTeam "Princesses"]
[BlackTeam "Queens"]
[WhiteFideId "24174041"]
[BlackFideId "4108558"]
[EventDate "2016.12.21"]

1. e4 c5 2. Nf3 Nc6 3. d4 cxd4 4. Nxd4 e5 5. Nb5 d6 6. N1c3 a6 7. Na3 Be7 8. Nd5
Nf6 9. Nxf6+ Bxf6 10. Nc4 Be7 11. Be3 Be6 12. Nb6 Rb8 13. Nd5 O-O 14. Be2 Bg5
15. Bb6 Qd7 16. c3 Bxd5 17. Qxd5 Ne7 18. Qb3 Qc6 19. Bf3 Nc8 20. Ba5 b6 21. Bb4
a5 22. h4 Bf6 23. Ba3 b5 24. g4 Qb7 25. g5 Bd8 26. Kf1 b4 27. Bxb4 axb4 28. c4
Ne7 29. h5 Nc6 30. Kg2 Bxg5 31. Rag1 Nd4 32. Qd3 f5 33. Kh3 Bh6 34. Bg2 Qd7 0-1

[Event "Nutcracker Rapid w 2016"]
[Site "Moscow RUS"]
[Date "2016.12.22"]
[Round "6.2"]
[White "Dimitrova, Aleksandra"]
[Black "Galliamova, Alisa"]
[Result "0-1"]
[WhiteTitle "WFM"]
[BlackTitle "IM"]
[WhiteElo "2319"]
[BlackElo "2443"]
[WhiteTeam "Princesses"]
[BlackTeam "Queens"]
[WhiteFideId "24173371"]
[BlackFideId "4129725"]
[EventDate "2016.12.21"]

1. e4 e5 2. Nf3 Nc6 3. Bb5 a6 4. Ba4 Nf6 5. O-O Be7 6. Re1 b5 7. Bb3 d6 8. c3
O-O 9. h3 Bb7 10. d4 Nd7 11. Nbd2 exd4 12. cxd4 Bf6 13. Nf1 Re8 14. Ng3 g6 15.
a3 Na5 16. Bc2 c5 17. b4 Nc6 18. Rb1 Nxd4 19. Nxd4 Bxd4 20. Ne2 Be5 21. f4 Bg7
22. Qxd6 Bxe4 23. Bxe4 Rxe4 24. Bb2 Bxb2 25. Rxb2 cxb4 26. Rxb4 Rxb4 27. Qxb4
Qb6+ 28. Kh2 Nf6 29. Qd4 Qxd4 30. Nxd4 Rd8 31. Nf3 Rd3 32. Ra1 Nd5 33. Ne5 Rd4
34. g3 f6 35. Nc6 Rd2+ 36. Kh1 Nc3 37. Nb4 a5 38. Nc6 a4 39. Re1 Ne2 40. Rb1
Nxg3+ 41. Kg1 Ne2+ 42. Kf1 Nc3 43. Rc1 Ne4 44. Rb1 Rd6 45. Rc1 Nd2+ 46. Ke2 Nb3
47. Ne7+ Kf7 48. Rc7 Re6+ 0-1

[Event "Nutcracker Rapid w 2016"]
[Site "Moscow RUS"]
[Date "2016.12.22"]
[Round "6.3"]
[White "Kovalevskaya, Ekaterina"]
[Black "Solozhenkina, Elizaveta"]
[Result "1-0"]
[WhiteTitle "IM"]
[BlackTitle "WIM"]
[WhiteElo "2430"]
[BlackElo "2269"]
[WhiteTeam "Queens"]
[BlackTeam "Princesses"]
[WhiteFideId "4116704"]
[BlackFideId "34106615"]
[EventDate "2016.12.21"]

1. Nf3 Nf6 2. g3 e6 3. Bg2 d5 4. O-O Be7 5. c4 d4 6. d3 O-O 7. e3 Nc6 8. exd4
Nxd4 9. Nxd4 Qxd4 10. Nc3 Rd8 11. Nb5 Qd7 12. Bf4 Ne8 13. Qb3 c6 14. Nc3 Qxd3
15. Nd5 Qxb3 16. Nxe7+ Kf8 17. axb3 Kxe7 18. Be3 Rd3 19. Bxa7 Nd6 20. Bc5 Rxa1
21. Rxa1 Kd7 22. Bf1 Rd2 23. Bb4 Rd4 24. Bc3 Re4 25. f3 Re3 26. Kf2 Rxc3 27.
bxc3 c5 28. Bd3 f5 29. g4 g6 30. gxf5 exf5 31. Rg1 b6 32. h4 Ke7 33. h5 Kf6 34.
hxg6 hxg6 35. Rh1 Nf7 36. f4 Bb7 37. Ra1 Nd6 38. Ke3 Ke6 39. Be2 Ke7 40. Ra7 Ke6
41. Bf3 Bxf3 42. Kxf3 Ne4 43. Rb7 Nxc3 44. Rxb6+ Kf7 45. b4 cxb4 46. Rxb4 Ne4
47. Ke3 Nc5 48. Kd4 Ne6+ 49. Ke5 Nc5 50. Kd4 Ne6+ 51. Ke3 Ke7 52. Rb6 Kf7 53.
Rb7+ Kf6 54. Rd7 Nc5 55. Rd5 Ne4 56. c5 Ke6 57. Kd4 Nf6 58. Rd6+ Ke7 59. Ra6 Kf7
60. c6 Ne8 61. Ke5 Ke7 62. Ra7+ Kd8 63. Ra8+ Ke7 64. Rxe8+ 1-0

[Event "Nutcracker Rapid w 2016"]
[Site "Moscow RUS"]
[Date "2016.12.22"]
[Round "6.4"]
[White "Zaiatz, Elena"]
[Black "Shuvalova, Polina"]
[Result "0-1"]
[WhiteTitle "IM"]
[BlackTitle "WIM"]
[WhiteElo "2313"]
[BlackElo "2383"]
[WhiteTeam "Queens"]
[BlackTeam "Princesses"]
[WhiteFideId "4139518"]
[BlackFideId "24171760"]
[EventDate "2016.12.21"]

1. d4 Nf6 2. g3 d5 3. Bg2 c6 4. Nf3 Bf5 5. O-O e6 6. c4 Be7 7. Nc3 h6 8. Nd2 O-O
9. e4 dxe4 10. Ndxe4 Nbd7 11. h3 Nxe4 12. Nxe4 Nf6 13. Nc3 Qb6 14. b3 Rad8 15.
Be3 e5 16. d5 Qa5 17. Qf3 Bg6 18. Bd2 Qa6 19. Qe3 e4 20. dxc6 bxc6 21. Na4 Rd3
22. Qe1 Qc8 23. Bb4 c5 24. Bc3 Qf5 25. Qe2 Rfd8 26. Rae1 Bd6 27. Bxf6 Qxf6 28.
Bxe4 Rd4 29. Bxg6 Qxg6 30. Qf3 h5 31. Rd1 h4 32. Rxd4 cxd4 33. c5 Bc7 34. Qg4
Qc2 35. gxh4 Qxa2 36. Qd1 d3 37. Nc3 Qb2 38. Ne4 Qe5 39. Ng3 Qxc5 40. Qd2 Bxg3 0-1

[Event "Nutcracker Rapid w 2016"]
[Site "Moscow RUS"]
[Date "2016.12.22"]
[Round "7.1"]
[White "Strutinskaia, Galina"]
[Black "Shuvalova, Polina"]
[Result "1-0"]
[WhiteTitle "WGM"]
[BlackTitle "WIM"]
[WhiteElo "2266"]
[BlackElo "2383"]
[WhiteTeam "Queens"]
[BlackTeam "Princesses"]
[WhiteFideId "4108558"]
[BlackFideId "24171760"]
[EventDate "2016.12.21"]

1. d4 Nf6 2. c4 g6 3. g3 c6 4. d5 Bg7 5. Nc3 cxd5 6. cxd5 d6 7. Bg2 O-O 8. Nf3
Na6 9. O-O Bd7 10. Nd4 Nc5 11. b4 Na6 12. a3 Rc8 13. Bb2 Ng4 14. Ra2 Nc7 15. Ba1
Na8 16. h3 Ne5 17. Kh2 Nb6 18. a4 a5 19. bxa5 Nbc4 20. Ncb5 Nxa5 21. f4 Nec4 22.
Qd3 Qb6 23. Rb1 e5 24. dxe6 fxe6 25. Na3 Qc5 26. Ndb5 d5 27. Bxg7 Kxg7 28. Nxc4
Qxc4 29. Qd2 Bxb5 30. Rxb5 Rc5 31. Rb4 Qa6 32. Qd4+ Rf6 33. Qxc5 Nc6 34. Rb6 Qa8
35. Rab2 Rf7 36. e4 d4 37. Qc4 e5 38. fxe5 Re7 39. e6 Qc8 40. a5 Qd8 41. Rxb7 d3
42. Rxe7+ Nxe7 43. a6 d2 44. Qc3+ 1-0

[Event "Nutcracker Rapid w 2016"]
[Site "Moscow RUS"]
[Date "2016.12.22"]
[Round "7.2"]
[White "Galliamova, Alisa"]
[Black "Maltsevskaya, Aleksandra"]
[Result "1/2-1/2"]
[WhiteTitle "IM"]
[WhiteElo "2443"]
[BlackElo "2251"]
[WhiteTeam "Queens"]
[BlackTeam "Princesses"]
[WhiteFideId "4129725"]
[BlackFideId "24174041"]
[EventDate "2016.12.21"]

1. d4 Nf6 2. c4 g6 3. g3 Bg7 4. Bg2 d6 5. e4 O-O 6. Ne2 Nbd7 7. O-O e5 8. d5 Nc5
9. Nbc3 a5 10. b3 Ne8 11. Be3 b6 12. a3 f5 13. b4 axb4 14. axb4 Rxa1 15. Qxa1
Nxe4 16. Nxe4 fxe4 17. Nc3 Nf6 18. Nxe4 Bf5 19. Nxf6+ Bxf6 20. c5 bxc5 21. bxc5
Qa8 22. Qc3 Rb8 23. h4 Be7 24. Kh2 Qb7 25. Ra1 Ra8 26. c6 Qb8 27. Rxa8 Qxa8 28.
Qb4 Qf8 29. Qb7 Bd8 30. Qb8 Kg7 31. Bd2 h6 32. Qb3 Qf7 33. Qe3 g5 34. hxg5 Bxg5 1/2-1/2

[Event "Nutcracker Rapid w 2016"]
[Site "Moscow RUS"]
[Date "2016.12.22"]
[Round "7.3"]
[White "Dimitrova, Aleksandra"]
[Black "Kovalevskaya, Ekaterina"]
[Result "1-0"]
[WhiteTitle "WFM"]
[BlackTitle "IM"]
[WhiteElo "2319"]
[BlackElo "2430"]
[WhiteTeam "Princesses"]
[BlackTeam "Queens"]
[WhiteFideId "24173371"]
[BlackFideId "4116704"]
[EventDate "2016.12.21"]

1. e4 c5 2. Nf3 Nc6 3. d4 cxd4 4. Nxd4 e5 5. Nb5 d6 6. c4 Be7 7. N1c3 a6 8. Na3
Be6 9. Nd5 Nf6 10. Bd3 O-O 11. O-O Bxd5 12. cxd5 Nd4 13. Nc4 Nd7 14. Be3 b5 15.
Nd2 Nc5 16. Bb1 Na4 17. Bxd4 exd4 18. b3 Nc3 19. Qg4 Bf6 20. Bd3 g6 21. f4 Bg7
22. Qf3 Qa5 23. a3 Rae8 24. b4 Qd8 25. Rae1 Qa8 26. f5 Bh6 27. Nb3 Qa7 28. f6
Re5 29. Kh1 Rc8 30. Qh3 1-0

[Event "Nutcracker Rapid w 2016"]
[Site "Moscow RUS"]
[Date "2016.12.22"]
[Round "7.4"]
[White "Solozhenkina, Elizaveta"]
[Black "Zaiatz, Elena"]
[Result "0-1"]
[WhiteTitle "WIM"]
[BlackTitle "IM"]
[WhiteElo "2269"]
[BlackElo "2313"]
[WhiteTeam "Princesses"]
[BlackTeam "Queens"]
[WhiteFideId "34106615"]
[BlackFideId "4139518"]
[EventDate "2016.12.21"]

1. e4 e5 2. Nf3 Nc6 3. Nc3 Nf6 4. Bb5 Bd6 5. d3 a6 6. Ba4 O-O 7. a3 Re8 8. O-O
h6 9. h3 Bf8 10. Bb3 d6 11. Be3 Be6 12. Nd5 g6 13. Qd2 Kh7 14. c4 Bg7 15. Nh2
Ng8 16. Rae1 Nd4 17. Bxd4 exd4 18. Bd1 h5 19. f4 c6 20. Nb4 Bh6 21. Qf2 f5 22.
g4 fxe4 23. Rxe4 Bf7 24. Rxe8 Qxe8 25. Nc2 c5 26. Qh4 Qd8 27. Qg3 Ne7 28. Nf3
Nc6 29. Nh4 hxg4 30. hxg4 Bf8 31. Kf2 Be7 32. Rh1 Kg7 33. Bf3 Qa5 34. Ke2 Re8
35. Kd1 Qd8 36. g5 Rh8 37. Be4 Qb6 0-1

[Event "Nutcracker Rapid w 2016"]
[Site "Moscow RUS"]
[Date "2016.12.22"]
[Round "8.1"]
[White "Solozhenkina, Elizaveta"]
[Black "Strutinskaia, Galina"]
[Result "1-0"]
[WhiteTitle "WIM"]
[BlackTitle "WGM"]
[WhiteElo "2269"]
[BlackElo "2266"]
[WhiteTeam "Princesses"]
[BlackTeam "Queens"]
[WhiteFideId "34106615"]
[BlackFideId "4108558"]
[EventDate "2016.12.21"]

1. e4 c5 2. Nf3 Nc6 3. Bb5 e6 4. O-O Nge7 5. c3 a6 6. Ba4 b5 7. Bc2 Bb7 8. Qe2
d5 9. e5 d4 10. Be4 Qc7 11. d3 Rd8 12. cxd4 cxd4 13. a4 Nd5 14. axb5 axb5 15.
Bg5 Rd7 16. Rc1 Qb6 17. Nbd2 h6 18. Bh4 Bb4 19. Nb3 O-O 20. Bg3 Nde7 21. Bf4 Nd8
22. Bd2 Bxe4 23. Bxb4 Bxf3 24. Qxf3 Ndc6 25. Bc5 Qb7 26. Qe4 Rfd8 27. Bd6 Qb6
28. Qe1 Nf5 29. Nc5 Rxd6 30. exd6 Rxd6 31. Ra6 Qb8 32. Ne4 Nb4 33. Nxd6 Nxa6 34.
Rc8+ 1-0

[Event "Nutcracker Rapid w 2016"]
[Site "Moscow RUS"]
[Date "2016.12.22"]
[Round "8.2"]
[White "Shuvalova, Polina"]
[Black "Galliamova, Alisa"]
[Result "0-1"]
[WhiteTitle "WIM"]
[BlackTitle "IM"]
[WhiteElo "2383"]
[BlackElo "2443"]
[WhiteTeam "Princesses"]
[BlackTeam "Queens"]
[WhiteFideId "24171760"]
[BlackFideId "4129725"]
[EventDate "2016.12.21"]

1. e4 e5 2. Nf3 Nc6 3. Bc4 Bc5 4. b4 Bxb4 5. c3 Ba5 6. d4 exd4 7. O-O d3 8. Qb3
Qf6 9. Bg5 Qg6 10. Nbd2 h6 11. Bh4 Nf6 12. Bxd3 Nh5 13. Bg3 Nxg3 14. hxg3 O-O
15. Nc4 d6 16. Rad1 Qh5 17. Nd4 Nxd4 18. cxd4 Bb6 19. Nxb6 axb6 20. Rc1 c6 21.
Qxb6 Rxa2 22. Ra1 Rd2 23. Bc4 c5 24. Ra8 Rxd4 25. Bd5 Rd1 26. f3 Rxd5 27. exd5
Qxd5 28. Qc7 Qc6 29. Qxc6 bxc6 30. Kf2 Be6 31. Rxf8+ Kxf8 32. Rb1 Ke7 33. Ke3 d5
34. g4 Kd6 35. Rb6 c4 36. Kd4 Bc8 37. g3 g6 38. Rb8 c5+ 39. Kc3 Be6 40. Rb6+ Ke5
41. Rc6 d4+ 42. Kd2 Kd5 43. Ra6 c3+ 44. Kd3 h5 45. gxh5 Bf5+ 46. Ke2 d3+ 47. Ke3
gxh5 48. Rf6 Bg6 49. f4 d2 50. Ke2 Bc2 0-1

[Event "Nutcracker Rapid w 2016"]
[Site "Moscow RUS"]
[Date "2016.12.22"]
[Round "8.3"]
[White "Kovalevskaya, Ekaterina"]
[Black "Maltsevskaya, Aleksandra"]
[Result "1-0"]
[WhiteTitle "IM"]
[WhiteElo "2430"]
[BlackElo "2251"]
[WhiteTeam "Queens"]
[BlackTeam "Princesses"]
[WhiteFideId "4116704"]
[BlackFideId "24174041"]
[EventDate "2016.12.21"]

1. e4 g6 2. d4 Bg7 3. Nf3 d6 4. g3 Nf6 5. Nc3 O-O 6. Bg2 Nbd7 7. O-O e5 8. h3 c6
9. a4 Qc7 10. Be3 b6 11. Qd2 Bb7 12. Bh6 a6 13. Bxg7 Kxg7 14. Rad1 b5 15. Nh2
Rfe8 16. Ng4 h5 17. Qh6+ Kg8 18. Nxf6+ Nxf6 19. dxe5 dxe5 20. f4 exf4 21. gxf4
b4 22. e5 Nh7 23. Ne4 Qe7 24. Nd6 Rab8 25. Nxe8 Rxe8 26. f5 Qf8 27. Qxf8+ Nxf8
28. fxg6 fxg6 29. Rd6 Kg7 30. Bxc6 Bxc6 31. Rxc6 Ne6 32. Rf6 Nf8 33. Rc5 Ne6 34.
Rc6 Nf8 35. Rf4 Ne6 36. Rxb4 Ng5 37. h4 Nf3+ 38. Kg2 Nxe5 39. Re4 Nxc6 40. Rxe8
Nd4 41. Ra8 Nxc2 42. Rxa6 Nb4 43. Rb6 Nd5 44. a5 Kf7 45. Rb5 Ke6 46. Rxd5 Kxd5
47. Kf3 1-0

[Event "Nutcracker Rapid w 2016"]
[Site "Moscow RUS"]
[Date "2016.12.22"]
[Round "8.4"]
[White "Zaiatz, Elena"]
[Black "Dimitrova, Aleksandra"]
[Result "1/2-1/2"]
[WhiteTitle "IM"]
[BlackTitle "WFM"]
[WhiteElo "2313"]
[BlackElo "2319"]
[WhiteTeam "Queens"]
[BlackTeam "Princesses"]
[WhiteFideId "4139518"]
[BlackFideId "24173371"]
[EventDate "2016.12.21"]

1. d4 Nf6 2. c4 e6 3. g3 d5 4. Nf3 dxc4 5. Bg2 Nc6 6. Qa4 Bb4+ 7. Bd2 Nd5 8.
Bxb4 Nxb4 9. O-O O-O 10. a3 Nd5 11. Qxc4 a5 12. Nbd2 Nb6 13. Qd3 Re8 14. Rac1
Qe7 15. Nc4 Nxc4 16. Qxc4 Bd7 17. Nd2 a4 18. Ne4 e5 19. d5 Nd4 20. Nc3 c5 21.
dxc6 Bxc6 22. Bxc6 bxc6 23. Kg2 Qf6 24. Nxa4 Nxe2 25. Qxe2 Rxa4 26. Qf3 Ra6 27.
Qxf6 gxf6 28. Rfd1 Rb8 29. Rc2 c5 30. Rd5 Rab6 31. Rdd2 Rb3 32. Kh3 Kg7 33. Kg2
Kg6 34. h4 h5 35. Rd5 Rxb2 36. Rdxc5 Rxc2 37. Rxc2 Ra8 38. Rc3 Ra4 39. Kf3 f5
40. Re3 f6 41. Rb3 1/2-1/2